Μόνος στο Βερολίνο : μυθιστόρημα
Αποθηκεύτηκε σε:
| Κύριος συγγραφέας: | |
|---|---|
| Μορφή: | Βιβλίο |
| Γλώσσα: | Greek German |
| Δημοσίευση: |
Αθήνα :
Πόλις,
c2008.
|
| Θέματα: | |
| Ετικέτες: |
Προσθήκη ετικέτας
Δεν υπάρχουν, Καταχωρήστε ετικέτα πρώτοι!
|
MARC
| LEADER | 00000nam a2200000 a 4500 | ||
|---|---|---|---|
| 001 | 1/127002 | ||
| 008 | 230712s2008####gr | ||| |||| ||gre|| | ||
| 020 | |a 9789604351954 | ||
| 040 | |a GR-MyUa |b gre |c GR-MyUa |e AACR2 | ||
| 041 | 1 | |a gre |h ger | |
| 082 | 7 | |a 833.912 |2 (23) | |
| 100 | 1 | |a Fallada, Hans, |d 1839-1947. | |
| 245 | 1 | 0 | |a Μόνος στο Βερολίνο : |b μυθιστόρημα / |c Hans Fallada ; μετάφραση Άντζη Σαλταμπάση. |
| 260 | |a Αθήνα : |b Πόλις, |c c2008. | ||
| 300 | |a 668 σ. ; |c 21 εκ. | ||
| 500 | |a Η παρούσα έκδοση πραγματοποιήθηκε με την ενίσχυση του Ινστιτούτου Γκαίτε. | ||
| 504 | |a Τίτλος πρωτοτύπου: Jeder stirbt fur sich allein. | ||
| 650 | 0 | |a German fiction | |
| 852 | |a INST |b LESVOS |e 20230712 |h 833.912 FAL |p 005100064399 |q 005100064399 |t BK |y 0 | ||
| 970 | |a Καμάτσου |b Δέσποινα |z 12-07-2023 | ||